000
00290nam a22001337a 4500
008
190205b xxu||||| |||| 00| 0 eng d
020
_a
9780976284598
041
_a
eng
080
_2
1st
_a
341
100
_a
15
101
_a
SHJ
245
_a
MBE Bar Review
_c
Errico,P.R
942
_2
udc
_c
BK
999
_c
53948
_d
53948